LEADER 00848nam0-2200301---450- 001 990008577410403321 005 20071113123554.0 035 $a000857741 035 $aFED01000857741 035 $a(Aleph)000857741FED01 035 $a000857741 100 $a20071106d1928----km-y0itay50------ba 101 0 $aspa 102 $aAR 105 $ay-------001yy 200 1 $a<>azucar como alimento y algunas conservas$fAlfredo Arias 210 $aBuenos Aires$cMinisterio de agricultura$d1928 215 $a4 p.$d22 cm 610 0 $aCanna da zucchero 676 $a633.61$v20$zita 700 1$aArias,$bAlfredo$0304830 801 0$aIT$bUNINA$gRICA$2UNIMARC 901 $aBK 912 $a990008577410403321 952 $a60 Misc. B 200/7$fFAGBC 959 $aFAGBC 996 $aAzucar como alimento y algunas conservas$9710986 997 $aUNINA LEADER 01138nam--2200385---450- 001 990002834370203316 005 20090909093152.0 010 $a88-348-6466-2 035 $a000283437 035 $aUSA01000283437 035 $a(ALEPH)000283437USA01 035 $a000283437 100 $a20061110d2006----km-y0itay50------ba 101 $aita 102 $aIT 105 $a||||||||001yy 200 1 $aCodice tributario 2006$fLoris Tosi, Antonio Viotto$ghanno collaborato Tiziana Zanol...[et al] 210 $aTorino$cGiappichelli$dcopyr. 2006 215 $aIX, 712 p.$d17 cm 410 0$12001 454 1$12001 461 1$1001-------$12001 606 0 $aTributi$xLegislazione 700 1$aTOSI,$bLoris$0231322 701 1$aVIOTTO,$bAntonio$0280213 702 1$aZANIOL,$bTiziana 801 0$aIT$bsalbc$gISBD 912 $a990002834370203316 951 $aXXIV.5.A 183 (CODEX 1117)$b51783 G.$cXXIV.5.A 183 (CODEX)$d00208598 959 $aBK 969 $aGIU 979 $aFIORELLA$b90$c20061110$lUSA01$h1014 979 $aRSIAV5$b90$c20090909$lUSA01$h0931 996 $aCodice tributario 2006$9993118 997 $aUNISA